000 00540nam a2200181 4500
001 148469
003 ES-MaACL
005 20240223183609.0
007 t|
008 070214s1969 sp r ||||1| spa d
100 1 _aSteinbeck, John (
_d1902-1968)
_9108042
245 1 0 _aLlama viva /
_cJohn Steinbeck ; traducción de Rubén Darío (Hijo).
260 _aBarcelona :
_bPlaneta,
_c1969.
300 _a180 p. ;
_c19 cm.
700 1 _aDarío, Rubén,
_d1891-1970
_9138175
852 _aES-MaACL
_jC-36479
_bR.69913
999 _c148469
_d148469